<?xml version="1.0" encoding="UTF-8"?>
<record
    xmlns:xsi="http://www.w3.org/2001/XMLSchema-instance"
    xsi:schemaLocation="http://www.loc.gov/MARC21/slim http://www.loc.gov/standards/marcxml/schema/MARC21slim.xsd"
    xmlns="http://www.loc.gov/MARC21/slim">

  <leader>01277nam a2200301 i 4500</leader>
  <controlfield tag="001">36892</controlfield>
  <controlfield tag="003">ES-MaACL</controlfield>
  <controlfield tag="005">20251015063050.0</controlfield>
  <controlfield tag="007">t|</controlfield>
  <controlfield tag="008">030219s19711971sp bf        |||| | spa d</controlfield>
  <datafield tag="080" ind1=" " ind2=" ">
    <subfield code="a">27-273</subfield>
  </datafield>
  <datafield tag="100" ind1="1" ind2=" ">
    <subfield code="a">Brown, Raymond, </subfield>
    <subfield code="d">1928-</subfield>
    <subfield code="9">157150</subfield>
  </datafield>
  <datafield tag="245" ind1="1" ind2="0">
    <subfield code="a">Comentario b&#xED;blico "San Jer&#xF3;nimo" / </subfield>
    <subfield code="c">dirigido por Raymond E. Brown, Joseph A. Fitzmyer, Roland E. Murphy ; [traductor y supervisor de la edici&#xF3;n espa&#xF1;ola, Alfonso de la Fuente Ad&#xE1;nez].</subfield>
  </datafield>
  <datafield tag="260" ind1=" " ind2=" ">
    <subfield code="a">Madrid : </subfield>
    <subfield code="b">Cristiandad, </subfield>
    <subfield code="c">[1971]</subfield>
  </datafield>
  <datafield tag="300" ind1=" " ind2=" ">
    <subfield code="a">5 v. : </subfield>
    <subfield code="b">mapas col., map. col. pleg. ; </subfield>
    <subfield code="c">24 cm.</subfield>
  </datafield>
  <datafield tag="500" ind1=" " ind2=" ">
    <subfield code="a">&#xCD;ndices ; &#xCD;ndice anal&#xED;tico: v. 5.</subfield>
  </datafield>
  <datafield tag="504" ind1=" " ind2=" ">
    <subfield code="a">Bibliograf&#xED;a: p. [863-864]: v. 5.</subfield>
  </datafield>
  <datafield tag="505" ind1="8" ind2=" ">
    <subfield code="a">Contiene: T. I-II ; </subfield>
    <subfield code="t">Antiguo Testamento, 1-2 / </subfield>
    <subfield code="r">[presentaci&#xF3;n, Agust&#xED;n Bea, Cardenal (t. I)]  - T. III-IV. -- </subfield>
    <subfield code="t">Nuevo Testamento, 1-2 - T. V ;</subfield>
    <subfield code="t">Estudios sistem&#xE1;ticos</subfield>
  </datafield>
  <datafield tag="555" ind1=" " ind2=" ">
    <subfield code="a">&#xCD;ndice general: v. 1.</subfield>
  </datafield>
  <datafield tag="599" ind1=" " ind2=" ">
    <subfield code="a">Mapas col. en guardas.</subfield>
  </datafield>
  <datafield tag="630" ind1=" " ind2="0">
    <subfield code="a">Biblia-</subfield>
    <subfield code="v">Comentarios.</subfield>
    <subfield code="9">119238</subfield>
  </datafield>
  <datafield tag="700" ind1="1" ind2=" ">
    <subfield code="a">Fitzmyer, Joseph A.</subfield>
    <subfield code="9">51076</subfield>
  </datafield>
  <datafield tag="700" ind1="1" ind2=" ">
    <subfield code="a">Murphy, Roland E.</subfield>
    <subfield code="9">84626</subfield>
  </datafield>
  <datafield tag="700" ind1="1" ind2=" ">
    <subfield code="a">Fuente Ad&#xE1;nez, Alfonso de la.</subfield>
    <subfield code="9">52860</subfield>
  </datafield>
  <datafield tag="700" ind1="1" ind2=" ">
    <subfield code="a">Bea, Agostino </subfield>
    <subfield code="c">, Cardinale.</subfield>
    <subfield code="9">26763</subfield>
  </datafield>
  <datafield tag="852" ind1=" " ind2=" ">
    <subfield code="a">ES-MaACL</subfield>
    <subfield code="j">E-15672-76 </subfield>
    <subfield code="z">- enc. tela</subfield>
  </datafield>
  <datafield tag="999" ind1=" " ind2=" ">
    <subfield code="c">36892</subfield>
    <subfield code="d">36892</subfield>
  </datafield>
  <datafield tag="952" ind1=" " ind2=" ">
    <subfield code="0">0</subfield>
    <subfield code="1">0</subfield>
    <subfield code="4">0</subfield>
    <subfield code="7">0</subfield>
    <subfield code="a">ATENEOM</subfield>
    <subfield code="b">ATENEOM</subfield>
    <subfield code="c">DEPO2</subfield>
    <subfield code="d">2008-01-17</subfield>
    <subfield code="e">DON</subfield>
    <subfield code="l">0</subfield>
    <subfield code="o">E-15672-76</subfield>
    <subfield code="p">1038797</subfield>
    <subfield code="r">2023-02-23 00:00:00</subfield>
    <subfield code="w">2023-02-23</subfield>
    <subfield code="y">MONOGRAFIA</subfield>
  </datafield>
</record>
